Consumer Protection Act, 1986 (Record no. 102676)

MARC details
000 -LEADER
fixed length control field 00392nam a2200133Ia 4500
008 - FIXED-LENGTH DATA ELEMENTS--GENERAL INFORMATION
fixed length control field 211118s9999||||xx |||||||||||||| ||und||
082 ## - DEWEY DECIMAL CLASSIFICATION NUMBER
Classification number 343.071
Item number TIW-C
100 ## - MAIN ENTRY--PERSONAL NAME
Personal name Tiwari, O P
245 #0 - TITLE STATEMENT
Title Consumer Protection Act, 1986
260 ## - PUBLICATION, DISTRIBUTION, ETC.
Name of publisher, distributor, etc. Allahabad Law Agency
Place of publication, distribution, etc. Haryana
Date of publication, distribution, etc. 1996
630 ## - SUBJECT ADDED ENTRY--UNIFORM TITLE
General subdivision TradePost Graduate Reference
650 ## - SUBJECT ADDED ENTRY--TOPICAL TERM
Topical term or geographic name entry element Social Sciences
942 ## - ADDED ENTRY ELEMENTS (KOHA)
Koha item type BOOK
650 ## - SUBJECT ADDED ENTRY--TOPICAL TERM
Form subdivision ConsumerCommerceEconomics
Holdings
Withdrawn status Lost status Source of classification or shelving scheme Damaged status Not for loan Home library Current library Date acquired Cost, normal purchase price Full call number Barcode Shelving location Date last seen Price effective from Koha item type
    Dewey Decimal Classification     SB LIBRARY SB LIBRARY 18/11/2021 100.00 343.071 TIW-C 00108695 POST GRADUATE REFERENCE 18/11/2021 18/11/2021 BOOK

Powered by Koha